[Event "Mundial Juvenil 2005 s12"]
[Site "Belfort FRA"]
[Date "2005.07.26"]
[Round "7.14"]
[White "Pavlidis, Antonios"]
[Black "Mohammad, Saeed Ishaq"]
[Result "0-1"]
[WhiteElo "1989"]
[BlackElo "2120"]
[PlyCount "52"]
[EventDate "2005.07.19"]
[EventType "swiss"]
[EventRounds "11"]
[EventCountry "FRA"]
[Source "lmi"]
[SourceDate "2005.07.31"]

1. e4 c5 2. Nf3 Nc6 3. d4 cxd4 4. c3 dxc3 5. Nxc3 g6 6. Bc4 Bg7 7. O-O Nf6 8.
Qe2 d6 9. h3 O-O 10. Rd1 Qa5 11. Bg5 h6 12. Bd2 Qh5 13. Bf4 g5 14. Bg3 g4 15.
hxg4 Bxg4 16. Qe3 Bxf3 17. gxf3 Nd7 18. Kg2 Qc5 19. Qe2 Nde5 20. Bxe5 Nxe5 21.
Bb3 Ng6 22. Qe3 Qg5+ 23. Kf1 Bxc3 24. Qxc3 Nf4 25. Qe3 Qh4 26. Kg1 Kh7 0-1

[Event "Mundial Juvenil 2005 s12"]
[Site "Belfort FRA"]
[Date "2005.07.26"]
[Round "7.15"]
[White "Petenyi, Tamas"]
[Black "Prsasanna, Raghuram Rao"]
[Result "1-0"]
[WhiteElo "2056"]
[BlackElo "2027"]
[PlyCount "99"]
[EventDate "2005.07.19"]
[EventType "swiss"]
[EventRounds "11"]
[EventCountry "FRA"]
[Source "lmi"]
[SourceDate "2005.07.31"]

1. e4 c5 2. Nf3 d6 3. d4 cxd4 4. Nxd4 Nf6 5. Nc3 g6 6. Be3 Bg7 7. f3 O-O 8. Qd2
Nc6 9. Bc4 Bd7 10. O-O-O Ne5 11. Bb3 b5 12. Ndxb5 Qb8 13. Qe2 a5 14. a4 Rc8 15.
h4 Nh5 16. Rhg1 Bxb5 17. Nxb5 Nd7 18. g4 Nhf6 19. h5 Nc5 20. Kb1 Nfd7 21. hxg6
hxg6 22. Rh1 Nb6 23. Qh2 Nxb3 24. Qh7+ Kf8 25. cxb3 Be5 26. Bd4 Bxd4 27. Rxd4
Ke8 28. Qg8+ Kd7 29. Qxf7 Rf8 30. Qxg6 Rf6 31. Qg7 Qg8 32. Qxg8 Rxg8 33. e5
Rxf3 34. exd6 e5 35. Re4 Rxb3 36. Rh7+ Kc6 37. Rxe5 Rxb2+ 38. Kc1 Nxa4 39. Rc7+
Kb6 40. Nc3 Nxc3 41. Kxb2 Nb5 42. Rh7 Nxd6 43. Rh6 Kc7 44. Rc5+ Kb6 45. Rd5
Rxg4 46. Rhxd6+ Kc7 47. Ra6 a4 48. Rda5 Kb7 49. Rxa4 Rg2+ 50. Kc1 1-0

[Event "Mundial Juvenil 2005 s12"]
[Site "Belfort FRA"]
[Date "2005.07.26"]
[Round "7.16"]
[White "Salem, A.r. Saleh"]
[Black "Postolachi, Viorel"]
[Result "1-0"]
[WhiteElo "2044"]
[BlackElo "1945"]
[PlyCount "95"]
[EventDate "2005.07.19"]
[EventType "swiss"]
[EventRounds "11"]
[EventCountry "FRA"]
[Source "lmi"]
[SourceDate "2005.07.31"]

1. d4 d5 2. c4 c6 3. Nc3 Nf6 4. Nf3 dxc4 5. a4 Bf5 6. e3 e6 7. Bxc4 Bb4 8. O-O
O-O 9. Qe2 Bg6 10. Bd2 Nbd7 11. Rfe1 Qe7 12. a5 Rfd8 13. Na2 Bd6 14. Bc3 Ne4
15. Nd2 Ndf6 16. Bd3 e5 17. Nc4 Nxc3 18. bxc3 e4 19. Bc2 Bh5 20. Qd2 Bc7 21.
Rab1 Nd5 22. h3 f5 23. Bd1 Bf7 24. Be2 b5 25. axb6 axb6 26. Nb4 Nxb4 27. cxb4
b5 28. Na5 Bd5 29. Nb7 Ra7 30. Nxd8 Qd6 31. g3 Bxd8 32. Ra1 Rf7 33. Ra8 h6 34.
Bh5 g6 35. Bxg6 Rf8 36. Bh5 Qf6 37. Kh2 Qg5 38. Be2 h5 39. h4 Qg6 40. Rea1 Kg7
41. R1a7+ Kh6 42. Rd7 Qf6 43. Raa7 Rh8 44. Qc2 Bb6 45. Rab7 Bd8 46. Qc5 Qg6 47.
Qd6 Bf6 48. Qf4+ 1-0

[Event "Mundial Juvenil 2005 s12"]
[Site "Belfort FRA"]
[Date "2005.07.26"]
[Round "7.17"]
[White "Christer, Jon Aplin"]
[Black "Sochacki, Christophe"]
[Result "0-1"]
[WhiteElo "1947"]
[BlackElo "1599"]
[PlyCount "95"]
[EventDate "2005.07.19"]
[EventType "swiss"]
[EventRounds "11"]
[EventCountry "FRA"]
[Source "lmi"]
[SourceDate "2005.07.31"]

1. e4 c5 2. Nf3 e6 3. d4 cxd4 4. Nxd4 a6 5. c4 Nf6 6. Nc3 Bb4 7. Bd3 O-O 8. O-O
d6 9. Bg5 Bxc3 10. bxc3 Nbd7 11. f4 Qa5 12. Qf3 Qxc3 13. Ne2 Qa5 14. Ng3 h6 15.
Bxf6 Nxf6 16. Rae1 e5 17. f5 g6 18. h4 h5 19. Kh1 Qc5 20. Ne2 Bd7 21. Qg3 Ng4
22. Nc3 b5 23. Nd5 bxc4 24. Be2 Kg7 25. Bxg4 hxg4 26. Qxg4 Rh8 27. Qg5 Rh5 28.
Qf6+ Kh6 29. g4 Bxf5 30. gxh5 Bxe4+ 31. Rxe4 Qxd5 32. Qf3 f5 33. Re3 Qxf3+ 34.
Rexf3 Kxh5 35. Rd1 Rd8 36. Rc3 d5 37. Rxc4 d4 38. Kg2 Kxh4 39. Rc6 g5 40. Rxa6
e4 41. Ra4 d3 42. Kf2 g4 43. Ke3 Kg3 44. Ra7 Rc8 45. Rf1 Rc5 46. Rh1 f4+ 47.
Kxe4 f3 48. Kxd3 0-1

[Event "Mundial Juvenil 2005 s12"]
[Site "Belfort FRA"]
[Date "2005.07.26"]
[Round "7.18"]
[White "Javakhadze, Zurab"]
[Black "Landman, Frederick Richter"]
[Result "1-0"]
[WhiteElo "2135"]
[BlackElo "1599"]
[PlyCount "64"]
[EventDate "2005.07.19"]
[EventType "swiss"]
[EventRounds "11"]
[EventCountry "FRA"]
[Source "lmi"]
[SourceDate "2005.07.31"]

1. e4 c5 2. b3 d6 3. Bb2 a6 4. f4 b5 5. Nf3 Bb7 6. d3 e6 7. Nbd2 Nf6 8. g3 Nc6
9. Bg2 Be7 10. a4 b4 11. O-O Qb6 12. Nc4 Qc7 13. Re1 O-O-O 14. e5 Ne8 15. exd6
Bxd6 16. Nxd6+ Qxd6 17. Ne5 Nxe5 18. fxe5 Qc7 19. Rf1 Bxg2 20. Kxg2 Qb7+ 21.
Qf3 Qxf3+ 22. Rxf3 Rd7 23. Raf1 Rf8 24. R1f2 Nc7 25. Bc1 Nd5 26. Be3 Nxe3+ 27.
Rxe3 Rd5 28. g4 g6 29. Rf4 Rg8 30. h4 Rg7 31. Kf3 Kb7 32. Kf2 Rd7 1-0

[Event "Mundial Juvenil 2005 s12"]
[Site "Belfort FRA"]
[Date "2005.07.26"]
[Round "7.19"]
[White "Pijpers, Arthur"]
[Black "Kociscak, Jiri"]
[Result "1/2-1/2"]
[WhiteElo "1599"]
[BlackElo "2052"]
[PlyCount "116"]
[EventDate "2005.07.19"]
[EventType "swiss"]
[EventRounds "11"]
[EventCountry "FRA"]
[Source "lmi"]
[SourceDate "2005.07.31"]

1. e4 c5 2. Nf3 Nc6 3. d4 cxd4 4. Nxd4 Nf6 5. Nc3 e5 6. Ndb5 d6 7. Nd5 Nxd5 8.
exd5 Nb8 9. c4 Be7 10. Bd3 O-O 11. O-O f5 12. f4 Qb6+ 13. Kh1 Nd7 14. Qe2 a6
15. Nc3 Nc5 16. Be3 e4 17. Bb1 Bd7 18. Bd4 Bf6 19. Bxf6 Rxf6 20. b3 Qb4 21. Nd1
b5 22. Ne3 Rc8 23. Qe1 Qa3 24. Qc1 Qxc1 25. Rxc1 b4 26. Bc2 a5 27. a3 h6 28.
axb4 axb4 29. Ra7 g5 30. g3 Rff8 31. Rca1 Kg7 32. Kg2 Kg6 33. h4 Rce8 34. Kf2
Kf6 35. Rg1 Ra8 36. Rga1 Rxa7 37. Rxa7 Rg8 38. Ra1 Kg6 39. Ng2 Rh8 40. Ke3 Rg8
41. Kf2 Kf6 42. Ne3 Kf7 43. Ra7 Kg6 44. Ra1 Kf6 45. Ra7 Re8 46. Ra1 Rc8 47. Ra7
gxf4 48. gxf4 Rg8 49. Ra1 Kf7 50. Ra7 Kg6 51. Ra1 Kh5 52. Bd1+ Kg6 53. Bc2 Kf6
54. Ra7 Be8 55. Ra8 Bf7 56. Rxg8 Bxg8 57. Bd1 Nd3+ 58. Kg3 Bf7 1/2-1/2

[Event "Mundial Juvenil 2005 s12"]
[Site "Belfort FRA"]
[Date "2005.07.26"]
[Round "7.20"]
[White "Baragano Campa, David"]
[Black "Dilanian, Grigor"]
[Result "0-1"]
[WhiteElo "2027"]
[BlackElo "1599"]
[PlyCount "68"]
[EventDate "2005.07.19"]
[EventType "swiss"]
[EventRounds "11"]
[EventCountry "FRA"]
[Source "lmi"]
[SourceDate "2005.07.31"]

1. e4 c5 2. c3 Nf6 3. e5 Nd5 4. d4 cxd4 5. cxd4 e6 6. Nf3 Qc7 7. Bd2 b6 8. Nc3
Nxc3 9. Bxc3 Bb7 10. Rc1 Nc6 11. Be2 Rc8 12. O-O Qb8 13. d5 exd5 14. Qxd5 Nb4
15. Qb3 Bd5 16. Qa4 Nxa2 17. Rcd1 Nxc3 18. bxc3 Rc5 19. Bb5 Qc7 20. Rd4 Bc6 21.
Bxc6 Qxc6 22. Qxa7 Rxc3 23. Rfd1 Ba3 24. Rxd7 O-O 25. h3 Bc5 26. Nd4 Qg6 27.
Kh1 Qh5 28. Re1 Rd3 29. e6 Bxd4 30. e7 Rxh3+ 31. gxh3 Qf3+ 32. Kh2 Qxf2+ 33.
Kh1 Qxe1+ 34. Kg2 Qf2+ 0-1

[Event "Mundial Juvenil 2005 s12"]
[Site "Belfort FRA"]
[Date "2005.07.27"]
[Round "8.2"]
[White "Hou, Yifan"]
[Black "Sjugirov, Sanan"]
[Result "1/2-1/2"]
[WhiteElo "2158"]
[BlackElo "2358"]
[PlyCount "187"]
[EventDate "2005.07.19"]
[EventType "swiss"]
[EventRounds "11"]
[EventCountry "FRA"]
[Source "lmi"]
[SourceDate "2005.07.31"]

1. e4 c5 2. Nf3 e6 3. d4 cxd4 4. Nxd4 Bc5 5. Nb3 Bb6 6. Bd3 Ne7 7. O-O O-O 8.
c4 Nbc6 9. Nc3 f5 10. c5 Bc7 11. Nb5 b6 12. Bg5 h6 13. Bxe7 Nxe7 14. Nxc7 Qxc7
15. Rc1 f4 16. f3 Bb7 17. Bb5 Bc6 18. Bxc6 Nxc6 19. Kh1 Rfd8 20. Qd2 Qe5 21.
Rfd1 Rac8 22. Rc3 Qb8 23. Qd6 Qxd6 24. Rxd6 Kf7 25. g3 g5 26. Rd2 Ne5 27. Kg2
Ke7 28. Rdc2 Rf8 29. cxb6 Rxc3 30. Rxc3 axb6 31. Nd4 g4 32. gxf4 Rxf4 33. Kg3
gxf3 34. Kxf4 f2 35. Rc1 Nd3+ 36. Ke3 Nxc1 37. Kxf2 Nd3+ 38. Kf3 Nxb2 39. e5
Nd3 40. Ke4 Nb4 41. a3 Na6 42. Nb5 Nc5+ 43. Kd4 Nb3+ 44. Kc3 Na5 45. Kd4 Nb7
46. Nc7 Nd8 47. Nb5 Nf7 48. Na7 Kd8 49. Nb5 Kc8 50. h4 Kb7 51. a4 Ka6 52. Na3
Nh8 53. h5 Nf7 54. Nc4 Nd8 55. Ne3 Kb7 56. Nc4 Nc6+ 57. Ke4 Ne7 58. Nd6+ Kc6
59. Ne8 Nf5 60. Nf6 Kc7 61. Ng4 Ng3+ 62. Kd4 Nxh5 63. Nxh6 Ng3 64. Ng4 Nf5+ 65.
Kc4 Kc6 66. Nf6 Ne3+ 67. Kd4 Nd5 68. Ne4 Nb4 69. Nd2 Na6 70. Ne4 Kc7 71. Kc4
Kb7 72. Nd6+ Kc6 73. Ne4 Nb8 74. Nd6 Na6 75. Ne4 Kb7 76. Nd6+ Kc6 77. Ne4 Kc7
78. Kb5 Nb8 79. Nd6 Nc6 80. Nc4 Na7+ 81. Ka6 Nc8 82. a5 bxa5 83. Nxa5 Ne7 84.
Kb5 Nf5 85. Kc5 Kd8 86. Nc4 Ke7 87. Nb6 Nh4 88. Nc4 Nf3 89. Kb6 Kd8 90. Kb7 Nd4
91. Kb6 Ke7 92. Kc7 Nc6 93. Kc8 Nd8 94. Nb6 1/2-1/2

[Event "Mundial Juvenil 2005 s12"]
[Site "Belfort FRA"]
[Date "2005.07.27"]
[Round "8.3"]
[White "So, Wesley"]
[Black "Ospanov, Nazar"]
[Result "1-0"]
[WhiteElo "2165"]
[BlackElo "1599"]
[PlyCount "71"]
[EventDate "2005.07.19"]
[EventType "swiss"]
[EventRounds "11"]
[EventCountry "FRA"]
[Source "lmi"]
[SourceDate "2005.07.31"]

1. e4 c5 2. Nf3 d6 3. d4 cxd4 4. Nxd4 Nf6 5. Nc3 a6 6. f4 e6 7. Qf3 Qc7 8. Bd3
b5 9. g4 Bb7 10. Be3 Nfd7 11. O-O-O Nc6 12. Kb1 O-O-O 13. g5 Kb8 14. a3 Rc8 15.
h4 Na5 16. Nb3 Nc4 17. Bxc4 bxc4 18. Nd2 Be7 19. h5 Qa5 20. Qe2 Qc7 21. Rh3
Rhe8 22. Bg1 d5 23. exd5 exd5 24. Re3 Nc5 25. f5 Bc6 26. Bh2 Bd6 27. Bxd6 Qxd6
28. Nxc4 Qf4 29. Ne5 Kb7 30. Nxd5 Bxd5 31. Rxd5 Qxg5 32. Rxc5 Rxc5 33. Rb3+ Kc7
34. Qxa6 Rexe5 35. Rb7+ Kd8 36. Qd6+ 1-0

[Event "Mundial Juvenil 2005 s12"]
[Site "Belfort FRA"]
[Date "2005.07.27"]
[Round "8.4"]
[White "Rajesh, V A V."]
[Black "Arribas Lopez, Angel"]
[Result "1-0"]
[WhiteElo "2157"]
[BlackElo "2140"]
[PlyCount "129"]
[EventDate "2005.07.19"]
[EventType "swiss"]
[EventRounds "11"]
[EventCountry "FRA"]
[Source "lmi"]
[SourceDate "2005.07.31"]

1. e3 e5 2. g3 Nf6 3. Bg2 Be7 4. Ne2 d5 5. d4 e4 6. c4 c6 7. Qb3 O-O 8. Nbc3
Re8 9. cxd5 cxd5 10. Nf4 Nc6 11. Nfxd5 Nxd5 12. Qxd5 Nb4 13. Qxd8 Bxd8 14. O-O
Bf5 15. Bd2 Nd3 16. b3 Bg6 17. Nd5 Rc8 18. Nb4 Ba5 19. Nxd3 Bxd2 20. Nf4 Bf5
21. Rfd1 Rc2 22. h3 h6 23. g4 Bd7 24. Bf1 b6 25. Bc4 Kf8 26. a4 Rc8 27. Nh5 f5
28. gxf5 Bxf5 29. Ng3 Bxh3 30. Nxe4 Bb4 31. Rdc1 Rxc1+ 32. Rxc1 Rc6 33. Kh2 Bg4
34. Kg3 Rg6 35. Kf4 Bd7 36. Be2 Re6 37. Rc7 g5+ 38. Kf3 Bc6 39. Rc8+ Kg7 40.
Bd3 a5 41. Rd8 Re7 42. d5 Bd7 43. Ng3 Rf7+ 44. Kg2 Kf6 45. Rg8 Ke7 46. Rg6 Bg4
47. Be4 Rf6 48. Rg7+ Kd8 49. f3 Bd7 50. Bd3 Rd6 51. Bc4 Be8 52. Rg8 Rg6 53. Rh8
Bc3 54. Rh7 Bd7 55. Bd3 Rg8 56. Rxh6 Bd2 57. Kf2 Kc7 58. Ne4 Bc1 59. Rh7 Bb2
60. Bb5 Rg7 61. Rxg7 Bxg7 62. Bxd7 Kxd7 63. Nxg5 Kd6 64. e4 Bf6 65. Ne6 1-0

[Event "Mundial Juvenil 2005 s12"]
[Site "Belfort FRA"]
[Date "2005.07.27"]
[Round "8.5"]
[White "Negi, Parimarjan"]
[Black "Shahin, Koohestani M.abad"]
[Result "1-0"]
[WhiteElo "2376"]
[BlackElo "2012"]
[PlyCount "79"]
[EventDate "2005.07.19"]
[EventType "swiss"]
[EventRounds "11"]
[EventCountry "FRA"]
[Source "lmi"]
[SourceDate "2005.07.31"]

1. e4 c5 2. Nf3 e6 3. d4 cxd4 4. Nxd4 a6 5. Bd3 Nf6 6. Nc3 Qc7 7. f4 d6 8. O-O
Nbd7 9. Be3 Be7 10. Qf3 O-O 11. g4 Nc5 12. g5 Nfd7 13. Rac1 Re8 14. b4 Nxd3 15.
cxd3 Qd8 16. Qg3 Bf8 17. Rf2 g6 18. e5 d5 19. a3 Bg7 20. h4 Nf8 21. h5 Bd7 22.
h6 Bh8 23. Rfc2 Rc8 24. Qf2 Bc6 25. Nce2 Qd7 26. Nxc6 Rxc6 27. Rxc6 bxc6 28.
Nd4 Rc8 29. Rc5 Qe8 30. Qc2 Nd7 31. Rxc6 Ra8 32. Rc7 Nxe5 33. fxe5 Bxe5 34. Rc6
Qd8 35. Nf3 Bh8 36. d4 Qe8 37. Bf4 f6 38. gxf6 Bxf6 39. Be5 Qf7 40. Rc8+ 1-0

[Event "Mundial Juvenil 2005 s12"]
[Site "Belfort FRA"]
[Date "2005.07.27"]
[Round "8.6"]
[White "Mihok, Oliver"]
[Black "Petenyi, Tamas"]
[Result "1/2-1/2"]
[WhiteElo "2157"]
[BlackElo "2056"]
[PlyCount "116"]
[EventDate "2005.07.19"]
[EventType "swiss"]
[EventRounds "11"]
[EventCountry "FRA"]
[Source "lmi"]
[SourceDate "2005.07.31"]

1. e4 c5 2. Nf3 d6 3. d4 cxd4 4. Nxd4 Nf6 5. Nc3 g6 6. Be3 Bg7 7. f3 O-O 8. Qd2
Nc6 9. O-O-O Nxd4 10. Bxd4 Be6 11. Kb1 Re8 12. Bb5 Rf8 13. Be2 a6 14. g4 b5 15.
g5 Nd7 16. Bxg7 Kxg7 17. h4 b4 18. Nd5 Bxd5 19. exd5 Qb6 20. h5 Rfc8 21. hxg6
hxg6 22. f4 Rh8 23. Bg4 f5 24. gxf6+ Nxf6 25. Bf3 Rxh1 26. Rxh1 Rh8 27. Re1 Kf8
28. Qe2 Rh7 29. Be4 Nxe4 30. Qxe4 Qf2 31. Qxb4 Rf7 32. Qb8+ Kg7 33. Rh1 Rf8 34.
Qb7 Qe2 35. Qb4 Qf3 36. Qd4+ Rf6 37. Re1 Qxf4 38. Rxe7+ Kf8 39. Qxf4 Rxf4 40.
Re1 g5 41. b3 Kf7 42. Rg1 Kf6 43. Kb2 Kf5 44. Kc3 Rf2 45. Kd3 g4 46. a4 a5 47.
c4 Rf3+ 48. Kd4 Rxb3 49. Rf1+ Rf3 50. Rg1 g3 51. c5 Rf4+ 52. Kc3 dxc5 53. Rxg3
Rxa4 54. Rg8 Rd4 55. Rd8 Ke5 56. Rc8 Kxd5 57. Rd8+ Ke5 58. Re8+ Kd5 1/2-1/2

[Event "Mundial Juvenil 2005 s12"]
[Site "Belfort FRA"]
[Date "2005.07.27"]
[Round "8.7"]
[White "Ter Sahakyan, Samvel"]
[Black "Salem, A.r. Saleh"]
[Result "1-0"]
[WhiteElo "2140"]
[BlackElo "2044"]
[PlyCount "113"]
[EventDate "2005.07.19"]
[EventType "swiss"]
[EventRounds "11"]
[EventCountry "FRA"]
[Source "lmi"]
[SourceDate "2005.07.31"]

1. e4 c6 2. d4 d5 3. Nd2 dxe4 4. Nxe4 Nf6 5. Nxf6+ exf6 6. Nf3 Bg4 7. Be3 Bd6
8. Bd3 O-O 9. h3 Bh5 10. Qe2 Nd7 11. O-O-O Qa5 12. Kb1 Rfe8 13. g4 Bg6 14. Nh4
Bxd3 15. Qxd3 Rad8 16. Nf5 Bf8 17. Qb3 b5 18. g5 b4 19. d5 Re5 20. dxc6 Nc5 21.
Bxc5 Rxd1+ 22. Rxd1 Qxc5 23. Ne3 Qxc6 24. gxf6 Qxf6 25. Ng4 Qd6 26. Kc1 Qe6 27.
Nxe5 Qxe5 28. Qe3 Qa5 29. Rd7 Qxa2 30. Qb3 Qxb3 31. cxb3 g5 32. Rxa7 Kg7 33.
Kd2 Kg6 34. Ke2 f5 35. f3 h6 36. Ra5 Kf6 37. Ra6+ Kf7 38. Kd3 h5 39. Rb6 Be7
40. Kd4 Bf6+ 41. Kd5 Be7 42. Ke5 g4 43. hxg4 hxg4 44. fxg4 fxg4 45. Kf4 Bc5 46.
Rb5 Bd6+ 47. Kxg4 Ke6 48. Kf3 Kd7 49. Ke4 Kc6 50. Rh5 Bc5 51. Kd3 Kb5 52. Rf5
Kc6 53. Kc4 Be7 54. Rb5 Bf8 55. Rg5 Be7 56. Rg6+ Bd6 57. Rxd6+ 1-0

[Event "Mundial Juvenil 2005 s12"]
[Site "Belfort FRA"]
[Date "2005.07.27"]
[Round "8.8"]
[White "Swiercz, Dariusz"]
[Black "Mai, Lloyd Thu-Truc-Lam"]
[Result "1-0"]
[WhiteElo "2138"]
[BlackElo "2030"]
[PlyCount "63"]
[EventDate "2005.07.19"]
[EventType "swiss"]
[EventRounds "11"]
[EventCountry "FRA"]
[Source "lmi"]
[SourceDate "2005.07.31"]

1. d4 Nf6 2. c4 g6 3. Nc3 Bg7 4. e4 d6 5. f3 O-O 6. Be3 c6 7. Qd2 Na6 8. Nge2
Nc7 9. g4 e5 10. d5 cxd5 11. cxd5 b5 12. Ng3 Bd7 13. Bd3 b4 14. Nce2 a5 15. h4
Na6 16. Bxa6 Rxa6 17. h5 Bb5 18. Bh6 Qe7 19. Nf5 Qd8 20. Nxg7 Ne8 21. hxg6 fxg6
22. Ne6 Qf6 23. Bxf8 Qxf3 24. Rf1 Qxg4 25. Bh6 Qh4+ 26. Kd1 Nf6 27. Bg5 Qxe4
28. Bxf6 Qg2 29. Ke1 Ra7 30. Rc1 Ra8 31. Rc7 Bxe2 32. Rg7+ 1-0

[Event "Mundial Juvenil 2005 s12"]
[Site "Belfort FRA"]
[Date "2005.07.27"]
[Round "8.9"]
[White "Iermito, Sebastian"]
[Black "Zhao, Parker"]
[Result "1-0"]
[WhiteElo "2134"]
[BlackElo "2029"]
[PlyCount "123"]
[EventDate "2005.07.19"]
[EventType "swiss"]
[EventRounds "11"]
[EventCountry "FRA"]
[Source "lmi"]
[SourceDate "2005.07.31"]

1. e4 c5 2. Nf3 e6 3. d4 cxd4 4. Nxd4 a6 5. Bd3 Bc5 6. Nb3 Ba7 7. Qe2 Nc6 8.
Nc3 Nge7 9. Be3 O-O 10. O-O-O d6 11. f4 Qc7 12. Bxa7 Rxa7 13. Qh5 Nb4 14. Rhf1
Ng6 15. a3 Nxd3+ 16. Rxd3 Re8 17. f5 exf5 18. exf5 Nf8 19. Nd5 Qd8 20. f6 Ng6
21. fxg7 Re5 22. Qh6 Qg5+ 23. Qxg5 Rxg5 24. Nf6+ Kxg7 25. Ne8+ Kg8 26. Nxd6 Be6
27. g3 b5 28. Nd4 Ne5 29. Rc3 Bh3 30. Ne4 Bxf1 31. Nxg5 h6 32. Ngf3 Nc4 33. Nd2
Re7 34. Nxc4 Bxc4 35. Kd2 Re4 36. b3 Rxd4+ 37. Ke3 Rg4 38. bxc4 bxc4 39. Kf3
Rd4 40. Ke3 Rg4 41. Kd2 Rd4+ 42. Kc1 Re4 43. Rf3 Kg7 44. Kd2 Kg6 45. Re3 Kf5
46. Rxe4 Kxe4 47. Kc3 Kd5 48. Kb4 Kd4 49. g4 f6 50. h3 c3 51. a4 Kd5 52. Kxc3
Kc5 53. Kb3 a5 54. Kc3 Kd5 55. Kd3 Kc5 56. c3 Kd5 57. c4+ Ke5 58. Ke3 f5 59.
gxf5 Kxf5 60. Kd4 Ke6 61. Kc5 h5 62. Kb6 1-0

[Event "Mundial Juvenil 2005 s12"]
[Site "Belfort FRA"]
[Date "2005.07.27"]
[Round "8.10"]
[White "Mohammad, Saeed Ishaq"]
[Black "Robson, Ray"]
[Result "0-1"]
[WhiteElo "2120"]
[BlackElo "2021"]
[PlyCount "106"]
[EventDate "2005.07.19"]
[EventType "swiss"]
[EventRounds "11"]
[EventCountry "FRA"]
[Source "lmi"]
[SourceDate "2005.07.31"]

1. d4 d5 2. c4 e6 3. Nc3 c6 4. Nf3 Nf6 5. cxd5 exd5 6. Qc2 g6 7. Bg5 Be7 8. e3
Bf5 9. Bd3 Bxd3 10. Qxd3 O-O 11. O-O Nbd7 12. Rfc1 Re8 13. Rc2 Ne4 14. Bxe7
Qxe7 15. Nd2 f5 16. Nf1 Nb6 17. Nxe4 dxe4 18. Qb3+ Nd5 19. Rc5 Kh8 20. Nd2 Qd7
21. Rc2 Rab8 22. Nc4 f4 23. Ne5 Qf5 24. exf4 Qxf4 25. Qg3 Qf5 26. Re1 Nf4 27.
h3 Rbd8 28. Qc3 Kg7 29. Ng4 Qd5 30. Qe3 Nd3 31. Qh6+ Kh8 32. Re3 Qxd4 33. Qh4
Rf8 34. Rce2 Rde8 35. Qh6 Rf5 36. Qh4 Nf4 37. Re1 Nd5 38. Rg3 Rh5 39. Qxh5 gxh5
40. Nh6 Qf6 41. Rxe4 Rf8 42. Ng4 hxg4 43. Rexg4 Qxf2+ 44. Kh2 Qxb2 45. Rb3 Qe5+
46. Rbg3 c5 47. Rg5 Qd6 48. h4 Ne3 49. Kh3 Qe6+ 50. Kh2 Nf1+ 51. Kg1 Nxg3 52.
Rxg3 c4 53. Kh2 c3 0-1

[Event "Mundial Juvenil 2005 s12"]
[Site "Belfort FRA"]
[Date "2005.07.27"]
[Round "8.11"]
[White "Popilski, Gil"]
[Black "Sochacki, Christophe"]
[Result "1-0"]
[WhiteElo "2120"]
[BlackElo "1599"]
[PlyCount "88"]
[EventDate "2005.07.19"]
[EventType "swiss"]
[EventRounds "11"]
[EventCountry "FRA"]
[Source "lmi"]
[SourceDate "2005.07.31"]

1. e4 c5 2. Nf3 e6 3. d4 cxd4 4. Nxd4 a6 5. c4 Nf6 6. Nc3 Bb4 7. Bd3 Bxc3+ 8.
bxc3 d6 9. O-O Nbd7 10. f4 b6 11. Qe2 Qc7 12. Ba3 Bb7 13. Rad1 Nc5 14. e5 dxe5
15. fxe5 Nfd7 16. Bxc5 Nxc5 17. Bc2 O-O-O 18. Rb1 h5 19. Rb2 h4 20. Rfb1 g6 21.
Rxb6 h3 22. Ba4 Rh5 23. Bc6 Rxe5 24. Qf3 Re1+ 25. Kf2 Rxb1 26. Bxb7+ Qxb7 27.
Rxb7 Rxb7 28. gxh3 f5 29. Ke3 Rd6 30. Qf4 Kd7 31. Qe5 Ne4 32. c5 Nxc5 33. Qxc5
Rc7 34. Qa5 e5 35. Qxe5 Rxc3+ 36. Kf2 Rxh3 37. Qg7+ Ke8 38. Qg8+ Ke7 39. Qg7+
Ke8 40. Nxf5 Rxh2+ 41. Kg3 gxf5 42. Qe5+ Kd7 43. Qxf5+ Kc6 44. Kxh2 Rd2+ 1-0

[Event "Mundial Juvenil 2005 s12"]
[Site "Belfort FRA"]
[Date "2005.07.27"]
[Round "8.12"]
[White "Jiang, Mike"]
[Black "Javakhadze, Zurab"]
[Result "0-1"]
[WhiteElo "1806"]
[BlackElo "2135"]
[PlyCount "137"]
[EventDate "2005.07.19"]
[EventType "swiss"]
[EventRounds "11"]
[EventCountry "FRA"]
[Source "lmi"]
[SourceDate "2005.07.31"]

1. d4 d5 2. c4 e6 3. Nc3 Be7 4. Nf3 Nf6 5. Bg5 h6 6. Bh4 O-O 7. e3 Ne4 8. Bxe7
Qxe7 9. cxd5 Nxc3 10. bxc3 exd5 11. Qb3 Rd8 12. Bd3 c5 13. dxc5 Nd7 14. O-O
Nxc5 15. Qc2 Be6 16. Nd4 Rac8 17. Rac1 Nxd3 18. Qxd3 Rc4 19. f4 f6 20. Rf3 Bc8
21. h3 Qe4 22. Qe2 Bf5 23. Qb2 b6 24. Rd1 Rdc8 25. Nb5 Qe7 26. Rc1 Be4 27. Rg3
a6 28. Nd4 b5 29. a3 Kh7 30. Kf2 g6 31. Ke2 Ra4 32. Ra1 Qc5 33. Kd2 Qc4 34. Ne2
Qd3+ 35. Ke1 Qc2 36. Qxc2 Bxc2 37. Kd2 Be4 38. Nd4 Rc7 39. h4 h5 40. Ne6 Rc8
41. Nd4 Rb8 42. Nb3 Rc8 43. Nd4 Rcc4 44. Ra2 b4 45. cxb4 Rcxb4 46. Kc3 Rb1 47.
Nf3 Rc4+ 48. Kd2 Rcc1 49. Rh3 Rd1+ 50. Ke2 Rf1 51. Rh2 Rbd1 52. Rd2 Ra1 53. Rb2
Rab1 54. Ra2 Kg7 55. Rh3 Kf7 56. a4 Ke7 57. Rd2 a5 58. Rh2 Kd6 59. Rh3 Kc5 60.
Rd4 Bf5 61. Rh2 Bc2 62. Rh3 Ra1 63. Rg3 Bf5 64. Rd2 Be4 65. Rd4 Rfb1 66. Nd2
Rb2 67. Kf2 Bf5 68. Ke2 Bg4+ 69. Kf2 0-1

[Event "Mundial Juvenil 2005 s12"]
[Site "Belfort FRA"]
[Date "2005.07.27"]
[Round "8.13"]
[White "Dilanian, Grigor"]
[Black "Nyzhnyk, Illya"]
[Result "0-1"]
[WhiteElo "1599"]
[BlackElo "2131"]
[PlyCount "107"]
[EventDate "2005.07.19"]
[EventType "swiss"]
[EventRounds "11"]
[EventCountry "FRA"]
[Source "lmi"]
[SourceDate "2005.07.31"]

1. d4 Nf6 2. c4 e6 3. Nf3 Bb4+ 4. Bd2 Qe7 5. g3 Nc6 6. Nc3 O-O 7. Bg2 d5 8. a3
Bxc3 9. Bxc3 Ne4 10. O-O Nxc3 11. bxc3 Na5 12. Nd2 c6 13. cxd5 cxd5 14. e4 dxe4
15. Nxe4 Bd7 16. Qh5 Nc6 17. Nc5 Rab8 18. Rab1 b6 19. Nxd7 Qxd7 20. Qb5 Rfc8
21. c4 Qc7 22. Rfd1 Ne7 23. Rbc1 Nf5 24. d5 e5 25. Bh3 Nd6 26. Qb4 f5 27. Rc3
Qc5 28. Re1 e4 29. Rec1 g6 30. Bf1 Rc7 31. Rb3 Rbc8 32. a4 Qxb4 33. Rxb4 Rc5
34. Rd1 Kf7 35. Rd4 Ke7 36. f3 exf3 37. Kf2 Kf6 38. Kxf3 g5 39. h3 h5 40. Be2
Ke5 41. Ke3 f4+ 42. Kd3 fxg3 43. Bxh5 Rxc4 44. Rdxc4 Rxc4 45. Rxc4 Nxc4 46. Ke2
Kf4 47. Bg4 Nd6 48. Bf3 a6 49. Bh5 b5 50. axb5 axb5 51. Bg6 b4 52. Bc2 Nb5 53.
Kf1 Ke3 54. Kg1 0-1

[Event "Mundial Juvenil 2005 s12"]
[Site "Belfort FRA"]
[Date "2005.07.27"]
[Round "8.14"]
[White "Kavaliou, Uladzislau"]
[Black "Rzayev, Bahruz"]
[Result "0-1"]
[WhiteElo "2027"]
[BlackElo "1599"]
[PlyCount "61"]
[EventDate "2005.07.19"]
[EventType "swiss"]
[EventRounds "11"]
[EventCountry "FRA"]
[Source "lmi"]
[SourceDate "2005.07.31"]

1. e4 e5 2. Nc3 Nc6 3. f4 exf4 4. Nf3 Be7 5. Bc4 Bh4+ 6. Kf1 d6 7. d4 Bg4 8.
Bb5 Nge7 9. d5 a6 10. Be2 Bxf3 11. Bxf3 Ne5 12. Bxf4 N7g6 13. g3 Bg5 14. Bxg5
Qxg5 15. Kf2 O-O 16. h4 Qf6 17. Kg2 Nc4 18. Qc1 Qd4 19. Ne2 Qc5 20. b4 Qxb4 21.
c3 Qc5 22. Nd4 Nge5 23. Rf1 Nd3 24. Qg5 h6 25. Qh5 Ne3+ 26. Kh3 Nxf1 27. Rxf1
Qxc3 28. Nf5 Kh7 29. Be2 Ne5 30. Bf3 Qc4 31. Bg2 0-1

[Event "Mundial Juvenil 2005 s12"]
[Site "Belfort FRA"]
[Date "2005.07.27"]
[Round "8.15"]
[White "Atabayev, Maksat"]
[Black "Matuszewski, Michal"]
[Result "1-0"]
[WhiteElo "1599"]
[BlackElo "1999"]
[PlyCount "95"]
[EventDate "2005.07.19"]
[EventType "swiss"]
[EventRounds "11"]
[EventCountry "FRA"]
[Source "lmi"]
[SourceDate "2005.07.31"]

1. e4 e6 2. d4 d5 3. Nc3 Bb4 4. e5 c5 5. a3 Bxc3+ 6. bxc3 Ne7 7. Qg4 Kf8 8. Bd3
Qa5 9. Bd2 Qc7 10. Ra2 Nbc6 11. Nf3 Ng6 12. Bxg6 hxg6 13. O-O b6 14. Qf4 Na5
15. Be3 Ba6 16. Rc1 Kg8 17. Raa1 c4 18. h3 Rf8 19. Qg3 Qd7 20. Re1 Nc6 21. Bg5
Bc8 22. Nh2 f6 23. exf6 gxf6 24. Bf4 Qf7 25. Ng4 g5 26. Bd2 Ne7 27. Nxf6+ Qxf6
28. Bxg5 Qg7 29. Bxe7 Rf7 30. Qxg7+ Kxg7 31. Bd6 Rh5 32. Be5+ Kh7 33. Re3 Rh6
34. Rg3 Rg6 35. Rxg6 Kxg6 36. Re1 Rh7 37. Re3 Kf7 38. Rf3+ Ke8 39. g4 Rf7 40.
Bf6 Rf8 41. g5 Bd7 42. h4 Ba4 43. Re3 Kf7 44. Re2 Bd7 45. h5 Kg8 46. Re3 Be8
47. Rh3 a6 48. Be5 1-0